[Event "DSJ Weihnachtsturnier U16: Lasker 2020"]
[Site ""]
[Date "2020.12.28"]
[Round "5"]
[White "von Krosigk, Florian"]
[Black "Hoffmann, Tom"]
[Result "1-0"]
[Termination "normal"]
[Board "1.3"]
[WhiteElo "1941"]
[BlackElo "1296"]
[WhiteTeam "Hamburger SK von 1830"]
[BlackTeam "SC ML Kastellaun"]
[PlyCount "61"]
[WhiteFideId "16227808"]
[BlackFideId "16288726"]
[EventRounds "7"]
[EventType "team-swiss"]
[EventDate "2020.12.28"]

1. e4 {[%emt 0:00:18]} c5 {[%emt 0:00:06]} 2. Nf3 {[%emt 0:00:02]} d6 {[%emt
0:00:06]} 3. d4 {[%emt 0:00:15]} cxd4 {[%emt 0:00:09]} 4. Nxd4 {[%emt 0:00:00]}
Nf6 {[%emt 0:00:02]} 5. f3 {[%emt 0:00:20]} e5 {[%emt 0:00:41]} 6. Bb5+ { [%emt
0:00:36]} Bd7 {[%emt 0:00:03]} 7. Bxd7+ {[%emt 0:00:17]} Nbxd7 {[%emt 0:00:03]}
8. Nf5 {[%emt 0:00:05]} d5 {[%emt 0:00:31]} 9. exd5 {[%emt 0:01:19]} Nb6 {[%emt
0:00:12]} 10. d6 {[%emt 0:00:36]} Qd7 {[%emt 0:00:52]} 11. Qd3 { [%emt
0:00:46]} g6 {[%emt 0:00:34]} 12. Bg5 {[%emt 0:01:08]} Qxf5 {[%emt 0:01:23]}
13. Qxf5 {[%emt 0:00:02]} gxf5 {[%emt 0:00:03]} 14. Bxf6 {[%emt 0:00:00]} Rg8
{[%emt 0:00:01]} 15. Bxe5 {[%emt 0:00:04]} Nc4 {[%emt 0:00:04]} 16. Bg3 { [%emt
0:00:49] HSK03-003 reconnected.} Bxd6 {[%emt 0:00:30] HSK03-003 reconnected.}
17. Bxd6 {[%emt 0:00:18]} Nxd6 {[%emt 0:00:03]} 18. Kf2 {[%emt 0:00:04]} O-O-O
{[%emt 0:00:08]} 19. b3 {[%emt 0:00:07]} Nb5 {[%emt 0:00:11]} 20. a4 {[%emt
0:01:04]} Nd4 {[%emt 0:00:19]} 21. Na3 {[%emt 0:00:04]} Kb8 {[%emt 0:00:06]}
22. Rad1 {[%emt 0:00:11]} Rge8 {[%emt 0:00:09]} 23. Rhe1 {[%emt 0:00:25]} Rxe1
{[%emt 0:00:37]} 24. Kxe1 {[%emt 0:00:00]} Re8+ {[%emt 0:00:06]} 25. Kf1 {[%emt
0:00:10]} Nc6 {[%emt 0:00:38]} 26. Nb5 {[%emt 0:00:10]} a6 {[%emt 0:00:27]} 27.
Nd4 {[%emt 0:00:09]} Ne7 {[%emt 0:00:42]} 28. Re1 {[%emt 0:00:08]} Kc8 {[%emt
0:00:13] Kastell2-003 bietet Remis} 29. Nxf5 {[%emt 0:00:21] HSK03-003
reconnected.} Kd7 {[%emt 0:00:16]} 30. Rd1+ {[%emt 0:00:06]} Ke6 { [%emt
0:00:08]} 31. Ng7+ {[%emt 0:00:02] Kastell2-003 gibt auf} 1-0

[Event "DSJ Weihnachtsturnier U16: Lasker 2020"]
[Site ""]
[Date "2020.12.28"]
[Round "5"]
[White "Nedilko, Marko"]
[Black "Huo, Da"]
[Result "0-1"]
[Termination "normal"]
[Board "1.4"]
[WhiteElo "1407"]
[BlackElo "1918"]
[WhiteTeam "SC ML Kastellaun"]
[BlackTeam "Hamburger SK von 1830"]
[PlyCount "114"]
[WhiteFideId "16266560"]
[BlackFideId "16221206"]
[EventRounds "7"]
[EventType "team-swiss"]
[EventDate "2020.12.28"]

1. e4 {[%emt 0:00:03]} c5 {[%emt 0:00:21]} 2. Nf3 {[%emt 0:00:16]} d6 {[%emt
0:00:02]} 3. d4 {[%emt 0:00:10]} cxd4 { [%emt 0:00:05]} 4. Nxd4 {[%emt
0:00:02]} Nf6 {[%emt 0:00:13]} 5. Nc3 {[%emt 0:00:12]} Nc6 {[%emt 0:00:04]} 6.
Be3 {[%emt 0:00:12]} Ng4 {[%emt 0:00:29]} 7. Be2 {[%emt 0:00:10]} Nxe3 {[%emt
0:00:04]} 8. fxe3 {[%emt 0:00:01]} e5 { [%emt 0:00:22]} 9. Nf3 {[%emt 0:00:16]}
Qb6 {[%emt 0:01:08]} 10. Nd5 {[%emt 0:00:28]} Qd8 {[%emt 0:00:07]} 11. O-O
{[%emt 0:00:08]} Be6 {[%emt 0:00:04]} 12. c3 {[%emt 0:00:29]} Be7 {[%emt
0:00:14]} 13. Bb5 {[%emt 0:00:13]} O-O {[%emt 0:00:08]} 14. Qe1 {[%emt
0:00:05]} a6 {[%emt 0:00:14]} 15. Ba4 {[%emt 0:00:08]} b5 {[%emt 0:00:09]} 16.
Bb3 {[%emt 0:00:02]} Na5 {[%emt 0:00:09]} 17. Nxe7+ { [%emt 0:00:02]} Qxe7
{[%emt 0:00:04]} 18. Bxe6 {[%emt 0:00:12]} fxe6 {[%emt 0:00:09]} 19. Qg3 {[%emt
0:00:03]} Nc4 {[%emt 0:00:04]} 20. Qf2 {[%emt 0:00:13]} Qb7 {[%emt 0:00:41]}
21. b3 {[%emt 0:00:05]} Nb6 {[%emt 0:00:14]} 22. Qh4 { [%emt 0:00:06]} h6
{[%emt 0:00:11]} 23. Rad1 {[%emt 0:00:10]} Qc6 {[%emt 0:00:20]} 24. Qe7 {[%emt
0:00:53]} Qxe4 {[%emt 0:00:29]} 25. Qxd6 {[%emt 0:00:07]} Qxe3+ {[%emt
0:00:22]} 26. Kh1 {[%emt 0:00:18]} e4 {[%emt 0:01:48]} 27. Qxe6+ { [%emt
0:00:13]} Kh7 {[%emt 0:00:20]} 28. Ne5 {[%emt 0:00:08] HSK03-004 reconnected.}
Rae8 {[%emt 0:01:36] Kastell2-004 reconnected. Restarted B (13. 20e) White
restart ok. OK} 29. Qg6+ {[%emt 0:00:19]} Kg8 {[%emt 0:00:06]} 30. Rxf8+ {[%emt
0:00:27]} Rxf8 {[%emt 0:00:04]} 31. Qe6+ {[%emt 0:00:08]} Kh7 { [%emt 0:00:18]}
32. Ng4 {[%emt 0:00:07]} Qe2 {[%emt 0:00:04]} 33. Rg1 {[%emt 0:00:17]} Rf1
{[%emt 0:00:08]} 34. Qxb6 {[%emt 0:00:02]} Rxg1+ {[%emt 0:00:03]} 35. Qxg1
{[%emt 0:00:02]} Qxg4 {[%emt 0:00:01]} 36. h3 {[%emt 0:00:10]} Qe2 { [%emt
0:00:01]} 37. Kh2 {[%emt 0:00:14]} e3 {[%emt 0:00:01]} 38. Kg3 {[%emt 0:00:10]}
Qd3 {[%emt 0:00:02]} 39. Qe1 {[%emt 0:00:04]} Qd2 {[%emt 0:00:05]} 40. Qb1+
{[%emt 0:00:12]} Kh8 {[%emt 0:00:04]} 41. Qe4 {[%emt 0:00:17]} Qf2+ { [%emt
0:00:05]} 42. Kh2 {[%emt 0:00:02]} e2 {[%emt 0:00:01]} 43. Qe8+ {[%emt
0:00:04]} Kh7 {[%emt 0:00:01]} 44. Qe4+ {[%emt 0:00:02]} Kg8 {[%emt 0:00:04]}
45. Qe6+ {[%emt 0:00:02]} Kf8 {[%emt 0:00:02]} 46. Qc8+ {[%emt 0:00:08]} Ke7 {
[%emt 0:00:01]} 47. Qc7+ {[%emt 0:00:02]} Kf6 {[%emt 0:00:02]} 48. Qd6+ { [%emt
0:00:03]} Kg5 {[%emt 0:00:02]} 49. Qe5+ {[%emt 0:00:05]} Kg6 {[%emt 0:00:01]}
50. Qe4+ {[%emt 0:00:04]} Kf6 {[%emt 0:00:01]} 51. Qd4+ {[%emt 0:00:04]} Qxd4
{[%emt 0:00:02]} 52. cxd4 {[%emt 0:00:01]} e1=Q {[%emt 0:00:00]} 53. d5 { [%emt
0:00:03]} Qd2 {[%emt 0:00:00]} 54. Kg3 {[%emt 0:00:02]} Qxd5 {[%emt 0:00:01]}
55. a4 {[%emt 0:00:02]} Qd3+ {[%emt 0:00:01]} 56. Kh2 {[%emt 0:00:02]} Qxb3
{[%emt 0:00:02]} 57. axb5 {[%emt 0:00:03]} Qxb5 {[%emt 0:00:01] Kastell2-004
gibt auf} 0-1

[Event "DSJ Weihnachtsturnier U16: Lasker 2020"]
[Site ""]
[Date "2020.12.28"]
[Round "5"]
[White "Trifan, Andrei Ioan"]
[Black "Wiedenbruch, Paul"]
[Result "0-1"]
[Termination "normal"]
[Board "2.1"]
[WhiteElo "2237"]
[BlackElo "1894"]
[WhiteTeam "OSG Baden-Baden"]
[BlackTeam "Düsseldorfer Schachklub 14/25"]
[PlyCount "62"]
[WhiteFideId "12967068"]
[BlackFideId "16207343"]
[EventRounds "7"]
[EventType "team-swiss"]
[EventDate "2020.12.28"]

1. e4 {[%emt 0:00:05]} c5 {[%emt 0:00:05]} 2. Nf3 {[%emt 0:00:02]} d6 {[%emt
0:00:02]} 3. d4 {[%emt 0:00:03]} cxd4 {[%emt 0:00:01]} 4. Nxd4 {[%emt 0:00:02]}
Nf6 {[%emt 0:00:02]} 5. Nc3 {[%emt 0:00:05]} Nc6 {[%emt 0:00:02]} 6. Bg5 {
[%emt 0:00:02]} Bd7 {[%emt 0:00:02]} 7. Qd2 {[%emt 0:00:07]} Rc8 {[%emt
0:00:02]} 8. O-O-O {[%emt 0:00:22]} Qa5 {[%emt 0:00:06]} 9. Nb3 {[%emt
0:00:42]} Qd8 {[%emt 0:01:49]} 10. f4 {[%emt 0:00:19]} h6 {[%emt 0:00:20]} 11.
Bxf6 {[%emt 0:00:03]} gxf6 {[%emt 0:00:05]} 12. Be2 {[%emt 0:00:44]} h5 {[%emt
0:00:04]} 13. f5 {[%emt 0:00:00]} Bh6 {[%emt 0:00:15]} 14. Kb1 {[%emt 0:00:01]}
Bxd2 { [%emt 0:00:02]} 15. Rxd2 {[%emt 0:00:00]} Ne5 {[%emt 0:00:10]} 16. Nd5 {
[%emt 0:00:13]} Bc6 {[%emt 0:00:07]} 17. Rd4 {[%emt 0:00:00]} Bxd5 {[%emt
0:00:01]} 18. Rxd5 {[%emt 0:00:04]} Qc7 {[%emt 0:00:02]} 19. c3 {[%emt
0:00:02]} h4 {[%emt 0:00:07]} 20. Rhd1 {[%emt 0:00:09]} Rg8 {[%emt 0:00:03]}
21. Bf1 { [%emt 0:00:02]} Ng4 {[%emt 0:00:17]} 22. Bb5+ {[%emt 0:00:17]} Kf8
{[%emt 0:00:07]} 23. R5d2 {[%emt 0:00:02]} a6 {[%emt 0:00:07]} 24. Bd3 {[%emt
0:00:08]} Ne5 {[%emt 0:00:14]} 25. Bf1 {[%emt 0:00:09]} Nc4 {[%emt 0:00:05]}
26. Rd3 { [%emt 0:00:12]} b5 {[%emt 0:00:18]} 27. Rh3 {[%emt 0:00:05]} Qb7
{[%emt 0:00:10]} 28. Rxh4 {[%emt 0:00:05]} Ne3 {[%emt 0:00:04]} 29. Re1 {[%emt
0:00:05]} Nxf1 {[%emt 0:00:01]} 30. Rxf1 {[%emt 0:00:00]} Rxg2 {[%emt 0:00:01]}
31. a3 { [%emt 0:00:08]} Kg7 {[%emt 0:00:01]} 0-1

[Event "DSJ Weihnachtsturnier U16: Lasker 2020"]
[Site ""]
[Date "2020.12.28"]
[Round "5"]
[White "Rudolph, Eva"]
[Black "Schmitt, Daniel"]
[Result "0-1"]
[Termination "normal"]
[Board "2.2"]
[WhiteElo "1860"]
[BlackElo "1966"]
[WhiteTeam "Düsseldorfer Schachklub 14/25"]
[BlackTeam "OSG Baden-Baden"]
[PlyCount "74"]
[WhiteFideId "16200594"]
[BlackFideId "16279018"]
[EventRounds "7"]
[EventType "team-swiss"]
[EventDate "2020.12.28"]

1. e4 {[%emt 0:00:07]} c5 {[%emt 0:00:03]} 2. Nf3 {[%emt 0:00:05]} d6 {[%emt
0:00:01]} 3. d4 {[%emt 0:00:07]} cxd4 {[%emt 0:00:00]} 4. Nxd4 {[%emt 0:00:03]}
Nf6 {[%emt 0:00:02]} 5. Nc3 {[%emt 0:00:04]} Nc6 {[%emt 0:00:01]} 6. Bc4 {
[%emt 0:00:12]} Qb6 {[%emt 0:00:05]} 7. Nxc6 {[%emt 0:00:23]} bxc6 {[%emt
0:00:06]} 8. O-O {[%emt 0:00:06]} g6 {[%emt 0:00:50]} 9. Bb3 {[%emt 0:00:19]}
Bg7 { [%emt 0:00:07]} 10. Bg5 {[%emt 0:00:06]} O-O {[%emt 0:00:10]} 11. Qd2
{[%emt 0:00:12]} Be6 {[%emt 0:00:34]} 12. Rfe1 {[%emt 0:00:18]} Rfe8 {[%emt
0:00:22]} 13. Be3 {[%emt 0:00:39]} Qc7 {[%emt 0:00:08]} 14. Bh6 {[%emt
0:00:20]} Bh8 { [%emt 0:00:10]} 15. Rad1 {[%emt 0:00:48]} Rab8 {[%emt 0:02:12]}
16. Qg5 { [%emt 0:01:14]} Bxb3 {[%emt 0:00:42]} 17. axb3 {[%emt 0:00:05]} Nd7
{[%emt 0:00:13]} 18. f4 {[%emt 0:00:25]} Qb6+ {[%emt 0:00:56]} 19. Kh1 {[%emt
0:00:04]} Qc5 {[%emt 0:00:07]} 20. e5 {[%emt 0:00:44]} f6 {[%emt 0:00:52]} 21.
exf6 { [%emt 0:00:24]} Bxf6 {[%emt 0:00:03]} 22. Qg3 {[%emt 0:00:30]} Bxc3
{[%emt 0:00:19]} 23. bxc3 {[%emt 0:00:14]} Nf6 {[%emt 0:00:06]} 24. Rf1 {[%emt
0:00:29]} Qf5 {[%emt 0:00:07]} 25. Rde1 {[%emt 0:00:16]} e6 {[%emt 0:00:31]}
26. Re2 { [%emt 0:00:13]} d5 {[%emt 0:00:12]} 27. Rfe1 {[%emt 0:00:29]} Ne4
{[%emt 0:00:08]} 28. Qe3 {[%emt 0:00:06]} Rb7 {[%emt 0:00:11]} 29. c4 {[%emt
0:00:11]} Rf7 {[%emt 0:00:20]} 30. Qd4 {[%emt 0:00:17]} Qh5 {[%emt 0:00:35]}
31. cxd5 { [%emt 0:00:11]} Ng3+ {[%emt 0:00:09]} 32. Kg1 {[%emt 0:00:08]} Nxe2+
{[%emt 0:00:03]} 33. Rxe2 {[%emt 0:00:17]} Qxe2 {[%emt 0:00:05]} 34. h3 {[%emt
0:00:12]} exd5 {[%emt 0:00:12]} 35. f5 {[%emt 0:00:09]} Qe1+ {[%emt 0:00:08]}
36. Kh2 { [%emt 0:00:04]} Qe5+ {[%emt 0:00:02]} 37. Qxe5 {[%emt 0:00:03]} Rxe5
{[%emt 0:00:00]} 0-1

[Event "DSJ Weihnachtsturnier U16: Lasker 2020"]
[Site ""]
[Date "2020.12.28"]
[Round "5"]
[White "Wu, Luka"]
[Black "Mukovskiy, Peter"]
[Result "1-0"]
[Termination "normal"]
[Board "2.3"]
[WhiteElo "2065"]
[BlackElo "1721"]
[WhiteTeam "OSG Baden-Baden"]
[BlackTeam "Düsseldorfer Schachklub 14/25"]
[PlyCount "125"]
[WhiteFideId "12977420"]
[BlackFideId "16236998"]
[EventRounds "7"]
[EventType "team-swiss"]
[EventDate "2020.12.28"]

1. e4 {[%emt 0:00:04]} c5 {[%emt 0:00:03]} 2. Nf3 {[%emt 0:00:02]} g6 {[%emt
0:00:02]} 3. d4 {[%emt 0:00:02]} cxd4 {[%emt 0:00:01]} 4. Nxd4 {[%emt 0:00:00]}
Nc6 {[%emt 0:00:02]} 5. c4 {[%emt 0:00:05]} Bg7 {[%emt 0:00:04]} 6. Be3 { [%emt
0:00:08]} Nf6 {[%emt 0:00:28]} 7. Nc3 {[%emt 0:00:02]} Ng4 {[%emt 0:00:05]} 8.
Qxg4 {[%emt 0:00:16]} Nxd4 {[%emt 0:00:07]} 9. Qd1 {[%emt 0:00:03]} e5 {[%emt
0:00:02]} 10. Bd3 {[%emt 0:00:13]} d6 {[%emt 0:00:05]} 11. O-O {[%emt 0:00:03]}
O-O {[%emt 0:00:09]} 12. Rc1 {[%emt 0:00:06]} Be6 {[%emt 0:00:05]} 13. b3
{[%emt 0:01:15]} f5 {[%emt 0:00:48]} 14. Bxd4 {[%emt 0:00:44]} exd4 { [%emt
0:00:06]} 15. exf5 {[%emt 0:00:02]} Bxf5 {[%emt 0:00:40]} 16. Ne2 { [%emt
0:00:55]} Qb6 {[%emt 0:01:20]} 17. Rc2 {[%emt 0:00:26]} Rae8 {[%emt 0:00:36]}
18. Ng3 {[%emt 0:00:50]} Bxd3 {[%emt 0:00:16]} 19. Qxd3 {[%emt 0:00:00]} Rf4
{[%emt 0:00:30]} 20. Re2 {[%emt 0:00:12]} Rxe2 {[%emt 0:00:23]} 21. Qxe2 {
[%emt 0:00:05]} d3 {[%emt 0:00:51]} 22. Qxd3 {[%emt 0:00:26]} Rd4 {[%emt
0:00:11]} 23. Qe3 {[%emt 0:00:06]} Qd8 {[%emt 0:00:21]} 24. Qe6+ {[%emt
0:00:22]} Kh8 {[%emt 0:00:10]} 25. h3 {[%emt 0:00:09]} Be5 {[%emt 0:00:12]} 26.
Re1 { [%emt 0:00:47]} Kg7 {[%emt 0:00:23]} 27. Nf1 {[%emt 0:00:50]} Qf6 {[%emt
0:00:24]} 28. Qxf6+ {[%emt 0:00:29]} Kxf6 {[%emt 0:00:04]} 29. f3 {[%emt
0:00:51]} Rd3 {[%emt 0:00:10]} 30. Kf2 {[%emt 0:00:06]} Bd4+ {[%emt 0:00:09]}
31. Ke2 { [%emt 0:00:01]} Rc3 {[%emt 0:00:21]} 32. Rd1 {[%emt 0:00:03]} Be5
{[%emt 0:00:15]} 33. Ne3 {[%emt 0:00:06]} Ke6 {[%emt 0:00:15]} 34. f4 {[%emt
0:00:30]} Bg7 {[%emt 0:00:30]} 35. g4 {[%emt 0:00:08]} a5 {[%emt 0:00:14]} 36.
f5+ {[%emt 0:00:27]} gxf5 {[%emt 0:00:02]} 37. gxf5+ {[%emt 0:00:01]} Kf7
{[%emt 0:00:07]} 38. Rxd6 {[%emt 0:00:06]} a4 {[%emt 0:00:09]} 39. Rd7+ {[%emt
0:00:03]} Kf8 { [%emt 0:00:01]} 40. Rxb7 {[%emt 0:00:01]} axb3 {[%emt 0:00:01]}
41. axb3 { [%emt 0:00:01]} Bd4 {[%emt 0:00:09]} 42. Nd5 {[%emt 0:00:01]} Rxh3
{[%emt 0:00:05]} 43. Rc7 {[%emt 0:00:04]} Be5 {[%emt 0:00:05]} 44. Re7 {[%emt
0:00:03]} Bd6 {[%emt 0:00:04]} 45. Re3 {[%emt 0:00:01]} Rh2+ {[%emt 0:00:02]}
46. Kd3 { [%emt 0:00:02]} Rb2 {[%emt 0:00:04]} 47. Kd4 {[%emt 0:00:02]} Bb8
{[%emt 0:00:05]} 48. c5 {[%emt 0:00:01]} Ba7 {[%emt 0:00:04]} 49. b4 {[%emt
0:00:02]} Kf7 { [%emt 0:00:06]} 50. Kc4 {[%emt 0:00:01]} Kf8 {[%emt 0:00:03]}
51. Re7 {[%emt 0:00:02]} Bb8 {[%emt 0:00:02]} 52. Rxh7 {[%emt 0:00:02]} Rc2+
{[%emt 0:00:01]} 53. Kd3 {[%emt 0:00:01]} Rf2 {[%emt 0:00:03]} 54. Rh8+ {[%emt
0:00:01]} Kf7 { [%emt 0:00:01]} 55. Rxb8 {[%emt 0:00:00]} Rxf5 {[%emt 0:00:01]}
56. Ne3 { [%emt 0:00:01]} Rf3 {[%emt 0:00:03]} 57. b5 {[%emt 0:00:01]
DuessSK2-003 offers a draw} Ke7 {[%emt 0:00:04]} 58. b6 {[%emt 0:00:03]} Kd7
{[%emt 0:00:03] } 59. Rb7+ {[%emt 0:00:01]} Kc6 {[%emt 0:00:01]} 60. Rc7+
{[%emt 0:00:00]} Kb5 {[%emt 0:00:02]} 61. b7 {[%emt 0:00:00]} Kb4 {[%emt
0:00:02]} 62. b8=Q+ { [%emt 0:00:02]} Ka4 {[%emt 0:00:02]} 63. Ra7# {[%emt
0:00:00]} 1-0

[Event "DSJ Weihnachtsturnier U16: Lasker 2020"]
[Site ""]
[Date "2020.12.28"]
[Round "5"]
[White "Krstovic, Marko"]
[Black "Wu, Leon"]
[Result "0-1"]
[Termination "normal"]
[Board "2.4"]
[WhiteElo "1455"]
[BlackElo "1981"]
[WhiteTeam "Düsseldorfer Schachklub 14/25"]
[BlackTeam "OSG Baden-Baden"]
[PlyCount "68"]
[WhiteFideId "16278003"]
[BlackFideId "12977438"]
[EventRounds "7"]
[EventType "team-swiss"]
[EventDate "2020.12.28"]

1. d4 {[%emt 0:00:04]} Nf6 {[%emt 0:00:02]} 2. c4 {[%emt 0:00:04]} e6 {[%emt
0:00:02]} 3. Nc3 {[%emt 0:00:02]} Bb4 {[%emt 0:00:02]} 4. f3 {[%emt 0:00:01]}
d5 {[%emt 0:00:05]} 5. a3 {[%emt 0:00:08]} Bxc3+ {[%emt 0:00:09]} 6. bxc3
{[%emt 0:00:01]} b6 {[%emt 0:00:03]} 7. e3 {[%emt 0:00:03]} c5 { [%emt
0:00:22]} 8. cxd5 {[%emt 0:00:07]} Nxd5 {[%emt 0:00:07]} 9. Ne2 {[%emt
0:00:03]} Ba6 {[%emt 0:00:04]} 10. Qc2 {[%emt 0:00:09]} cxd4 {[%emt 0:00:06]}
11. cxd4 {[%emt 0:00:05]} Nd7 {[%emt 0:00:16]} 12. e4 {[%emt 0:00:06]} Rc8 {
[%emt 0:00:10]} 13. Qa4 {[%emt 0:00:22]} Bxe2 {[%emt 0:00:07]} 14. Bxe2 { [%emt
0:00:02]} Nc3 {[%emt 0:00:01]} 15. Qb3 {[%emt 0:00:07]} Nxe2 {[%emt 0:00:02]}
16. Kxe2 {[%emt 0:00:01]} O-O {[%emt 0:00:06]} 17. Bf4 {[%emt 0:00:02]} Kh8
{[%emt 0:00:14]} 18. Bd6 {[%emt 0:00:04]} Re8 {[%emt 0:00:03]} 19. e5 { [%emt
0:00:02]} f6 {[%emt 0:00:05]} 20. f4 {[%emt 0:00:01]} fxe5 {[%emt 0:00:17]} 21.
fxe5 {[%emt 0:00:01]} Qh4 {[%emt 0:00:01]} 22. Qd3 {[%emt 0:00:36]} Nb8 {[%emt
0:00:09]} 23. Rhf1 {[%emt 0:00:23]} Nc6 {[%emt 0:00:04]} 24. Rad1 { [%emt
0:00:04]} Ne7 {[%emt 0:00:19]} 25. Bxe7 {[%emt 0:00:14]} Rxe7 {[%emt 0:00:04]}
26. Qf3 {[%emt 0:00:07]} h6 {[%emt 0:00:10]} 27. h3 {[%emt 0:00:07]} Rc2+
{[%emt 0:00:20]} 28. Ke3 {[%emt 0:00:07]} Qg5+ {[%emt 0:00:31]} 29. Kd3 { [%emt
0:00:07]} Rec7 {[%emt 0:00:04]} 30. Qa8+ {[%emt 0:00:30]} Rc8 {[%emt 0:00:10]}
31. Rf8+ {[%emt 0:00:02]} Kh7 {[%emt 0:00:17]} 32. Rxc8 {[%emt 0:00:03] } Qf5+
{[%emt 0:00:04]} 33. Ke3 {[%emt 0:00:05]} Qf2+ {[%emt 0:00:06]} 34. Kd3 {[%emt
0:00:05]} Qe2# {[%emt 0:00:03]} 0-1

[Event "DSJ Weihnachtsturnier U16: Lasker 2020"]
[Site ""]
[Date "2020.12.28"]
[Round "5"]
[White "Pahl, Theis"]
[Black "Klugstedt, Vincent"]
[Result "1-0"]
[Termination "normal"]
[Board "3.2"]
[WhiteElo "2123"]
[BlackElo "1928"]
[WhiteTeam "Delmenhorster SK V 1931"]
[BlackTeam "Schachgesellschaft Bochum 1931"]
[PlyCount "44"]
[WhiteFideId "16201264"]
[BlackFideId "16216393"]
[EventRounds "7"]
[EventType "team-swiss"]
[EventDate "2020.12.28"]

1. e4 {[%emt 0:00:07]} c5 {[%emt 0:00:17]} 2. Nf3 {[%emt 0:00:02]} Nc6 { [%emt
0:00:05]} 3. d4 {[%emt 0:00:05]} cxd4 {[%emt 0:00:03]} 4. Nxd4 {[%emt 0:00:02]}
g6 {[%emt 0:00:02]} 5. c4 {[%emt 0:00:06]} Bg7 {[%emt 0:00:08]} 6. Be3 {[%emt
0:00:03]} Nf6 {[%emt 0:00:04]} 7. Nc3 {[%emt 0:00:04]} O-O {[%emt 0:00:02]} 8.
Be2 {[%emt 0:00:06]} d6 {[%emt 0:00:17]} 9. O-O {[%emt 0:00:08]} Nxd4 { [%emt
0:00:03]} 10. Bxd4 {[%emt 0:00:04]} Be6 {[%emt 0:00:01]} 11. f4 {[%emt
0:00:04]} Rc8 {[%emt 0:00:07]} 12. b3 {[%emt 0:00:02]} a6 {[%emt 0:00:03]} 13.
Rc1 {[%emt 0:00:12]} Qd7 {[%emt 0:00:13]} 14. Bd3 {[%emt 0:00:59]} Bg4 { [%emt
0:00:08]} 15. Qe1 {[%emt 0:00:38]} h6 {[%emt 0:00:32]} 16. Qh4 {[%emt 0:01:01]}
e5 {[%emt 0:00:17]} 17. fxe5 {[%emt 0:00:15]} dxe5 {[%emt 0:00:02]} 18. Bxe5
{[%emt 0:00:06]} Qxd3 {[%emt 0:00:03]} 19. Bxf6 {[%emt 0:00:05]} Be2 { [%emt
0:00:58]} 20. Bxg7 {[%emt 0:00:28]} Bxf1 {[%emt 0:00:30]} 21. Qxh6 { [%emt
0:00:06]} f5 {[%emt 0:00:21]} 22. Qxg6 {[%emt 0:00:32]} Rc6 {[%emt 0:00:15]}
1-0

[Event "DSJ Weihnachtsturnier U16: Lasker 2020"]
[Site ""]
[Date "2020.12.28"]
[Round "5"]
[White "Gluma, Christian"]
[Black "Alhamid, Mohamad"]
[Result "1-0"]
[Termination "normal"]
[Board "3.3"]
[WhiteElo "1864"]
[BlackElo "1664"]
[WhiteTeam "Schachgesellschaft Bochum 1931"]
[BlackTeam "Delmenhorster SK V 1931"]
[PlyCount "73"]
[WhiteFideId "16223209"]
[BlackFideId "16235665"]
[EventRounds "7"]
[EventType "team-swiss"]
[EventDate "2020.12.28"]

1. e4 {[%emt 0:00:11]} e5 {[%emt 0:00:22]} 2. Nf3 {[%emt 0:00:02]} Nc6 { [%emt
0:00:01]} 3. Bc4 {[%emt 0:00:03]} Bc5 {[%emt 0:00:02]} 4. c3 {[%emt 0:00:02]}
Nf6 {[%emt 0:00:01]} 5. d4 {[%emt 0:00:03]} exd4 {[%emt 0:00:01]} 6. O-O {
[%emt 0:00:02]} Nxe4 {[%emt 0:00:18]} 7. cxd4 {[%emt 0:00:02]} d5 {[%emt
0:00:04]} 8. dxc5 {[%emt 0:00:02]} dxc4 {[%emt 0:00:05]} 9. Qe2 {[%emt
0:00:01]} Qd3 {[%emt 0:00:03]} 10. Re1 {[%emt 0:00:02]} f5 {[%emt 0:00:16]} 11.
Nc3 {[%emt 0:00:02]} Qxe2 {[%emt 0:00:44]} 12. Rxe2 {[%emt 0:00:02]} O-O {[%emt
0:00:05]} 13. Nxe4 {[%emt 0:00:02]} fxe4 {[%emt 0:00:03]} 14. Rxe4 {[%emt
0:00:01]} Bf5 { [%emt 0:01:01]} 15. Rxc4 {[%emt 0:00:03]} Rad8 {[%emt 0:00:06]}
16. Be3 { [%emt 0:00:03]} Rd5 {[%emt 0:00:43]} 17. a3 {[%emt 0:00:19]} Rfd8
{[%emt 0:00:31]} 18. Rcc1 {[%emt 0:00:08] Delmen2-003 reconnected.} Bg4 {[%emt
0:00:53]} 19. Ne1 {[%emt 0:00:14]} Ne5 {[%emt 0:00:11]} 20. f3 {[%emt 0:00:19]}
Bf5 { [%emt 0:00:20]} 21. b4 {[%emt 0:00:11]} a6 {[%emt 0:00:26]} 22. Kf2
{[%emt 0:00:16]} h6 {[%emt 0:00:14]} 23. Bf4 {[%emt 0:00:13]} g5 {[%emt
0:00:48]} 24. Bxe5 {[%emt 0:00:09]} Rxe5 {[%emt 0:00:01]} 25. Rd1 {[%emt
0:00:02]} Rde8 { [%emt 0:00:08]} 26. Kg3 {[%emt 0:00:16]} Re2 {[%emt 0:00:39]}
27. a4 {[%emt 0:00:28]} h5 {[%emt 0:00:06]} 28. h4 {[%emt 0:00:04]} g4 {[%emt
0:00:28]} 29. Rd5 {[%emt 0:00:06]} Bg6 {[%emt 0:00:19]} 30. Nd3 {[%emt
0:00:11]} gxf3 {[%emt 0:00:29] Bochum2-003 reconnected.} 31. gxf3 {[%emt
0:00:59]} c6 {[%emt 0:00:29]} 32. Rg5 {[%emt 0:00:05]} Kh7 {[%emt 0:00:50]} 33.
Nf4 {[%emt 0:00:04]} Rb2 { [%emt 0:00:01]} 34. Nxg6 {[%emt 0:00:10]} Rxb4
{[%emt 0:00:07]} 35. Nf4 { [%emt 0:00:08]} Rf8 {[%emt 0:00:07]} 36. Rxh5+
{[%emt 0:00:06]} Kg7 {[%emt 0:00:04]} 37. Ne6+ {[%emt 0:00:02]} 1-0